Online
Catalog

Feminismo y otros temas sobre la mujer en la sociedad / (Record no. 3423)

MARC details
000 -CABECERA
campo de control de longitud fija 01651nam a2200277 a 4500
001 - NÚMERO DE CONTROL
campo de control 000003599
005 - FECHA Y HORA DE LA ÚLTIMA TRANSACCIÓN
campo de control 20200929150509.0
008 - DATOS DE LONGITUD FIJA--INFORMACIÓN GENERAL
campo de control de longitud fija 090711s1994 dr r 000 0 spa d
040 ## - FUENTE DE LA CATALOGACIÓN
Centro catalogador/agencia de origen DO-SdBNP
Lengua de catalogación spa
Centro/agencia transcriptor BNPHU
082 ## - NÚMERO DE LA CLASIFICACIÓN DECIMAL DEWEY
Número de clasificación 305.42
Número de documento/Ítem H519fe, 1994
100 1# - ENTRADA PRINCIPAL--NOMBRE DE PERSONA
Nombre de persona Henríquez Ureña, Camila,
Fechas asociadas al nombre 1894-1973
Numeración 1894-1973
9 (RLIN) 11065
245 10 - MENCIÓN DE TÍTULO
Título Feminismo y otros temas sobre la mujer en la sociedad /
Mención de responsabilidad, etc. Camila Henríquez Ureña.
250 ## - MENCIÓN DE EDICIÓN
Mención de edición 3a ed.
260 ## - PUBLICACIÓN, DISTRIBUCIÓN, ETC.
Lugar de publicación, distribución, etc. Santo Domingo :
Nombre del editor, distribuidor, etc. Taller,
Fecha de publicación, distribución, etc. 1994.
300 ## - DESCRIPCIÓN FÍSICA
Extensión 157 p. ;
Dimensiones 22 cm.
490 1# - MENCIÓN DE SERIE
Mención de serie Biblioteca Taller
Designación de volumen o secuencia 193
500 ## - NOTA GENERAL
Nota general Incluye datos biográficos de la autora en la contracubierta
504 ## - NOTA DE BIBLIOGRAFÍA, ETC.
Nota de bibliografía, etc. Incluye referencias bibliográficas y notas al pie de las páginas
505 0# - NOTA DE CONTENIDO CON FORMATO
Nota de contenido con formato Camila Henríquez Ureña: la virtud del anonimato /
Mención de responsabilidad Andrés L. Mateo --
Título Presentación a la primera edición --
-- Feminismo --
-- Delmira Agustini --
-- La mujer y la cultura --
-- Presencia de la mujer en el romanticismo. En torno a "El estudiante en Salamanca" --
-- La carta como forma de expresión literaria femenina --
-- Cartas de amor divino /
Mención de responsabilidad Santa Teresa de Jesús --
Título Cartas de amor mundano /
Mención de responsabilidad Mariana Alcoforado --
Título La carta de polémica /
Información miscelánea Sor juana Inés de la Cruz --
Mención de responsabilidad La carta como crónica /
-- Madame de Sevigné --
Título Laura Mestre, una mujer excepcional --
-- Presentación de Gabriela Mistral.
590 ## - NOTA LOCAL (RLIN)
Nota local Inventariado, 2018/MFF
600 14 - PUNTO DE ACCESO ADICIONAL DE MATERIA--NOMBRE DE PERSONA
Nombre de persona HENRÍQUEZ UREÑA, CAMILA
Fechas asociadas al nombre 1894-1973
9 (RLIN) 2536
650 #4 - PUNTO DE ACCESO ADICIONAL DE MATERIA--TÉRMINO DE MATERIA
Término de materia o nombre geográfico como elemento de entrada Feministas
Subdivisión geográfica República Dominicana
Subdivisión general Biografías
9 (RLIN) 11041
650 #4 - PUNTO DE ACCESO ADICIONAL DE MATERIA--TÉRMINO DE MATERIA
Término de materia o nombre geográfico como elemento de entrada Derechos de la mujer
Subdivisión geográfica República Dominicana
9 (RLIN) 2757
830 #0 - PUNTO DE ACCESO ADICIONAL DE SERIE-TÍTULO UNIFORME
Título uniforme Biblioteca Taller ;
Número de parte o sección de la obra 193
9 (RLIN) 11042
910 ## - DATOS DE OPCIÓN DEL USUARIO (OCLC)
Datos de opción del usuario Validado. Control de calidad MFF
Holdings
Estado de retiro Estado de pérdida Restricciones de uso No para préstamo Código de colección Localización permanente Ubicación/localización actual Ubicación en estantería Fecha de adquisición Número de inventario Total de préstamos Signatura topográfica completa Código de barras Fecha visto por última vez Número de copia Precio válido a partir de Tipo de ítem Koha
        Dominicana de Servicio General General Depósito 22.06.2011 LF1   305.42 H519fe, 1994 3599-30 25.06.2020 e.3 25.06.2020 Libro y Folleto Colección Dominicana de Servicio
  Extraviado   Excluido de préstamo Dominicana de Servicio General General Extraviado 11.09.2013 LF1   305.42 H519fe, 1994 3599-40 25.06.2020 e.4 25.06.2020 Libro y Folleto Colección Dominicana de Servicio
      Excluido de préstamo Patrimonio Dominicano Patrimonio Dominicano Patrimonio Dominicano Depósito 11.07.2009 LF1   305.42 H519fe, 1994 3599-10 25.06.2020   25.06.2020 Libro y Folleto Colección Patrimonio Dominicano
      Excluido de préstamo Patrimonio Dominicano Patrimonio Dominicano Patrimonio Dominicano Depósito 11.07.2009 LF1   305.42 H519fe, 1994 3599-20 25.06.2020 e.2 25.06.2020 Libro y Folleto Colección Patrimonio Dominicano

Powered by Koha